[Event "SR 3. liga A2 2009/2010"]
[Site "?"]
[Date "2010.01.31"]
[Round "7.7"]
[White "Husek, Lubomir"]
[Black "Kastler, Peter"]
[Result "1-0"]
[WhiteElo "1749"]
[BlackElo "1721"]
[PlyCount "120"]
[EventDate "2009.??.??"]

1. e4 e5 2. Nf3 Nf6 3. Nc3 Nc6 4. Bc4 Nxe4 5. Nxe4 d5 6. Bxd5 Qxd5 7. Nc3 Qd8
8. h3 Bb4 9. a3 Bd6 10. d3 O-O 11. Be3 Be6 12. Ng5 Bd7 13. Qh5 h6 14. Nge4 Kh7
15. g4 f6 16. g5 fxg5 17. Nxg5+ Kg8 18. Nge4 Be8 19. Qg4 Qd7 20. Qg2 Kh8 21.
O-O-O Nd4 22. Ng3 Qf7 23. Nge4 Bc6 24. Rdf1 Qf3 25. Qg4 Qxg4 26. hxg4 Nf3 27.
g5 b6 28. gxh6 g6 29. Rh3 Nd4 30. Rg1 Bd7 31. Rhh1 Kh7 32. Ng5+ Kh8 33. Kd1 Nf5
34. Bd2 Be7 35. Nce4 Bc6 36. Bc3 Nd4 37. Rh3 Bd7 38. Rhh1 Bxg5 39. Rxg5 Bf5 40.
Bxd4 exd4 41. Ng3 Kh7 42. Nxf5 Rxf5 43. Rxf5 gxf5 44. Ke2 Rg8 45. Kf3 Rg4 46.
Rh2 c5 47. b3 b5 48. Rh5 c4 49. Rxf5 Rg6 50. Rxb5 cxd3 51. cxd3 Rc6 52. Ke4
Kxh6 53. Kxd4 Kg6 54. f4 Kf6 55. a4 Ke6 56. Rg5 Rb6 57. Kc4 Rc6+ 58. Rc5 Rb6
59. d4 Kd6 60. f5 a6 1-0

[Event "SR 3. liga A2 2009/2010"]
[Site "?"]
[Date "2010.01.31"]
[Round "7.8"]
[White "Papanek, Lubomir"]
[Black "Holly, Milan"]
[Result "1/2-1/2"]
[WhiteElo "1663"]
[BlackElo "1820"]
[PlyCount "94"]
[EventDate "2009.??.??"]

1. e4 e6 2. d4 b6 3. Nf3 Bb7 4. Nbd2 d5 5. e5 c5 6. c3 cxd4 7. cxd4 Ne7 8. Bb5+
Nbc6 9. Nb3 a6 10. Bd3 Ng6 11. a3 Be7 12. O-O a5 13. Be3 Nh4 14. Nxh4 Bxh4 15.
g3 Bg5 16. f4 Bh6 17. Bb5 O-O 18. Rc1 Ne7 19. Qd3 g6 20. a4 Rc8 21. Nd2 Rxc1
22. Rxc1 Qb8 23. Rc3 Rc8 24. Qc2 Nf5 25. Bf2 Bf8 26. Nf1 Bb4 27. Rxc8+ Qxc8 28.
Qxc8+ Bxc8 29. g4 Ne7 30. Bh4 Kf8 31. Bxe7+ Kxe7 32. g5 Bd7 33. Kf2 Kd8 34. Ke2
Be7 35. Ne3 Bf8 36. Ng4 Bg7 37. Kd3 Bxb5+ 38. axb5 Kc7 39. Nf6 Bxf6 40. exf6
Kd6 41. Ke3 Kd7 42. Kf3 Kd6 43. Kg4 Kd7 44. h4 Kd6 45. b3 Kd7 46. Kg3 Kd6 47.
h5 Kd7 1/2-1/2

[Event "SR 3. liga A2 2009/2010"]
[Site "?"]
[Date "2010.02.14"]
[Round "8.1"]
[White "Mihalik, Marek"]
[Black "Horak, Ivan"]
[Result "1-0"]
[WhiteElo "2090"]
[BlackElo "2105"]
[PlyCount "81"]
[EventDate "2009.??.??"]

1. d4 d5 2. c4 e6 3. Nc3 Nf6 4. Bg5 Be7 5. e3 c6 6. Nf3 Nbd7 7. Rc1 a6 8. h3 h6
9. Bh4 O-O 10. a3 Re8 11. Bd3 dxc4 12. Bxc4 b5 13. Ba2 Bb7 14. O-O Rc8 15. Qe2
Qb6 16. Rfd1 c5 17. Ne5 c4 18. Bb1 Rcd8 19. Qc2 Nf8 20. f3 Nd5 21. Bf2 Nxc3 22.
Qxc3 Bd6 23. e4 Qc7 24. a4 Rc8 25. axb5 axb5 26. Ng4 Qe7 27. Be3 h5 28. Nf2 b4
29. Qc2 b3 30. Qe2 Ba6 31. e5 Bb4 32. Ne4 Nd7 33. Nc3 Nb6 34. Bd2 Red8 35. Qe4
g6 36. Be1 Bb7 37. Bh4 Qd7 38. Qe3 Be7 39. Bf6 Kh7 40. Qg5 Re8 41. Qxh5+ 1-0

[Event "SR 3. liga A2 2009/2010"]
[Site "?"]
[Date "2010.02.14"]
[Round "8.2"]
[White "Kovarik, Oto"]
[Black "Manak, Jozef"]
[Result "1/2-1/2"]
[WhiteElo "2053"]
[BlackElo "2017"]
[PlyCount "116"]
[EventDate "2009.??.??"]

1. e4 c5 2. Nf3 a6 3. b3 d6 4. Bb2 e5 5. Nc3 Nc6 6. Nd5 Nf6 7. d3 Nxd5 8. exd5
Ne7 9. c4 Ng6 10. g3 Be7 11. Bg2 O-O 12. h4 f5 13. Qd2 Bf6 14. O-O Nh8 15. Nh2
g5 16. hxg5 Bxg5 17. f4 exf4 18. gxf4 Bf6 19. Rae1 Ng6 20. d4 b6 21. Nf3 h6 22.
Re2 Ra7 23. Bh3 Rg7 24. Rg2 Kh7 25. dxc5 bxc5 26. Kh2 Rfg8 27. Rfg1 Qf8 28.
Bxf6 Qxf6 29. Re2 Kh8 30. Rg3 Nh4 31. Nxh4 Rxg3 32. Qb2 Qxb2 33. Rxb2 Re3 34.
Bxf5 Bxf5 35. Nxf5 Rf3 36. Nxd6 Rxf4 37. Rg2 Rd8 38. Nb7 Rc8 39. Rg6 Rf2+ 40.
Rg2 Rf6 41. Rd2 Rb6 42. Na5 Rd8 43. Rf2 Kg7 44. Nc6 Rd6 45. Kg3 Rbxc6 46. dxc6
Rxc6 47. Rf5 Kg6 48. Rd5 a5 49. Kg4 a4 50. bxa4 Ra6 51. Rxc5 Rxa4 52. Rc6+ Kg7
53. Kf5 Rxa2 54. Rg6+ Kf7 55. Rg4 h5 56. Rg5 Ra5+ 57. Kf4 Rxg5 58. Kxg5 Kg7
1/2-1/2

[Event "SR 3. liga A2 2009/2010"]
[Site "?"]
[Date "2010.02.14"]
[Round "8.3"]
[White "Mihalik, Anton"]
[Black "Sefcik, Marek"]
[Result "0-1"]
[WhiteElo "1961"]
[BlackElo "2022"]
[PlyCount "60"]
[EventDate "2009.??.??"]

1. e4 c5 2. Nc3 e6 3. g3 Nf6 4. Bg2 Nc6 5. d3 d5 6. exd5 Nxd5 7. Nxd5 exd5 8.
Ne2 Bg4 9. f3 Bf5 10. O-O Qd7 11. Re1 O-O-O 12. Be3 d4 13. Bf2 g5 14. g4 Be6
15. Ng3 Be7 16. Qe2 Nb4 17. a3 Nd5 18. Nh5 Bd6 19. Qd2 Bf4 20. Nxf4 gxf4 21. c3
Ne3 22. cxd4 cxd4 23. Rac1+ Kb8 24. Qa5 Bd5 25. Bh4 Nxg2 26. Re7 Nxh4 27. Rxd7
Nxf3+ 28. Kf2 Rxd7 29. h3 Ne5 30. Qb5 a6 0-1

[Event "SR 3. liga A2 2009/2010"]
[Site "?"]
[Date "2010.02.14"]
[Round "8.4"]
[White "Bilovsky, Milan"]
[Black "Curidlo, Jan"]
[Result "0-1"]
[WhiteElo "1940"]
[BlackElo "1938"]
[PlyCount "98"]
[EventDate "2009.??.??"]

1. c4 c5 2. Nc3 Nf6 3. g3 e6 4. e3 Nc6 5. Nf3 d5 6. cxd5 exd5 7. d4 a6 8. Bg2
Bg4 9. O-O Be7 10. a3 c4 11. b4 b5 12. Qc2 Bd6 13. Nh4 Bc7 14. h3 Be6 15. Nf5
O-O 16. g4 g6 17. Ng3 Ne8 18. Nce2 Ng7 19. e4 f6 20. Be3 Qd7 21. f4 Bb6 22. f5
Bf7 23. exd5 Bxd5 24. fxg6 Bxg2 25. gxh7+ Kh8 26. Kxg2 Rae8 27. Nf4 Ne7 28.
Rad1 f5 29. g5 Kxh7 30. h4 Nd5 31. Bc1 Bc7 32. h5 Re3 33. Nge2 Rfe8 34. Kg1
Bxf4 35. Nxf4 R3e4 36. h6 Nxf4 37. Rxf4 Re2 38. Rd2 Re1+ 39. Kf2 Qd5 40. hxg7
Kxg7 41. Qxf5 Qxf5 42. Rxf5 Rxc1 43. Rc5 Rc3 44. a4 bxa4 45. Ra5 a3 46. Ra2
Ree3 47. Rxa6 Rb3 48. b5 Red3 49. Ke2 Rb2+ 0-1

[Event "SR 3. liga A2 2009/2010"]
[Site "?"]
[Date "2010.02.14"]
[Round "8.5"]
[White "Slaby, Jozef"]
[Black "Jozefovic, Milan"]
[Result "1/2-1/2"]
[WhiteElo "1963"]
[BlackElo "1904"]
[PlyCount "106"]
[EventDate "2009.??.??"]

1. d4 d5 2. c4 e6 3. Nf3 Nf6 4. e3 Nc6 5. Bd3 Nb4 6. Be2 Be7 7. a3 Nc6 8. O-O
O-O 9. Nbd2 Ne4 10. Bd3 f5 11. Qc2 a6 12. b4 Bf6 13. Bb2 Bd7 14. Rac1 Rc8 15.
Nb3 Be7 16. Rcd1 Nb8 17. Qe2 Ba4 18. Bc2 Rf6 19. Ne5 c6 20. Na5 Bxc2 21. Qxc2
b6 22. Nb3 Nd7 23. Rc1 Nxe5 24. dxe5 Rf8 25. Rfd1 Qe8 26. Qe2 f4 27. exf4 Rxf4
28. f3 Ng5 29. cxd5 exd5 30. Rd4 Qg6 31. Kf1 Ne6 32. Rxf4 Nxf4 33. Qc2 Qh6 34.
h3 Bg5 35. Rd1 Rf8 36. Nd4 Rc8 37. Bc1 c5 38. Nf5 Qe6 39. Bxf4 Bxf4 40. Rxd5 g6
41. Nd6 Qxd5 42. Nxc8 Qxe5 43. Nxb6 cxb4 44. Qc4+ Kg7 45. Qxb4 Bg3 46. Nc4 Qa1+
47. Ke2 Qg1 48. Qb2+ Kg8 49. Kd3 Qf1+ 50. Qe2 Qb1+ 51. Kd4 Qa1+ 52. Kd5 Kf8 53.
Qe4 Qf6 1/2-1/2

[Event "SR 3. liga A2 2009/2010"]
[Site "?"]
[Date "2010.02.14"]
[Round "8.6"]
[White "Hrubos, Milan"]
[Black "Gono, Michal"]
[Result "0-1"]
[WhiteElo "1854"]
[BlackElo "1852"]
[PlyCount "50"]
[EventDate "2009.??.??"]

1. e4 d5 2. exd5 Nf6 3. c4 e6 4. dxe6 Bxe6 5. d4 Bb4+ 6. Bd2 Qe7 7. Be2 O-O 8.
Bxb4 Qxb4+ 9. Qd2 Na6 10. a3 Qe7 11. d5 Bf5 12. Nc3 Nc5 13. Ra2 Rfe8 14. b4
Nd3+ 15. Kf1 Ng4 16. Nh3 Qe5 17. Ra1 Qd4 18. Rd1 Ngxf2 19. Bf3 Nxh3 20. gxh3
Bxh3+ 21. Bg2 Bxg2+ 22. Kxg2 Qg4+ 23. Kf1 Qf3+ 24. Kg1 Nf4 25. h4 Re2 0-1

[Event "SR 3. liga A2 2009/2010"]
[Site "?"]
[Date "2010.02.14"]
[Round "8.7"]
[White "Manak, Adrian"]
[Black "Husek, Lubomir"]
[Result "0-1"]
[WhiteElo "1815"]
[BlackElo "1749"]
[PlyCount "86"]
[EventDate "2009.??.??"]

1. e4 c5 2. Nf3 Nc6 3. d4 cxd4 4. Nxd4 Nf6 5. Nc3 e5 6. Ndb5 d6 7. Bg5 a6 8.
Bxf6 gxf6 9. Na3 b5 10. Nd5 Bg7 11. c3 O-O 12. Nc2 Ne7 13. Nce3 Nxd5 14. Nxd5
Be6 15. Bd3 f5 16. O-O f4 17. c4 bxc4 18. Bxc4 Bxd5 19. Qxd5 Qb6 20. Rfd1 Rad8
21. b4 Kh8 22. a4 f5 23. Rab1 fxe4 24. Qxe4 Rf6 25. a5 Qa7 26. Rb3 Qa8 27. Qxa8
Rxa8 28. Bd5 Ra7 29. Rc1 Rf8 30. Rc6 Rd8 31. Bc4 d5 32. Bxa6 e4 33. Rc8 Rxc8
34. Bxc8 Rc7 35. Kf1 Rxc8 36. b5 d4 37. Ke2 d3+ 38. Kd2 Rc2+ 39. Kd1 Bc3 40.
Ra3 e3 41. fxe3 fxe3 42. Rxc3 Rxc3 43. a6 Ra3 0-1

[Event "SR 3. liga A2 2009/2010"]
[Site "?"]
[Date "2010.02.14"]
[Round "8.8"]
[White "Holly, Milan"]
[Black "Nemsak, Denis"]
[Result "0-1"]
[WhiteElo "1820"]
[BlackElo "1645"]
[PlyCount "54"]
[EventDate "2009.??.??"]

1. Nf3 g6 2. b3 Bg7 3. d4 f5 4. e3 Nf6 5. Be2 O-O 6. c4 d6 7. O-O Qe8 8. Bb2
Nbd7 9. Nc3 c6 10. Rc1 e5 11. Ba3 e4 12. Ng5 h6 13. Nh3 Qe7 14. Nf4 Kh7 15. d5
c5 16. Ne6 Rf7 17. g4 fxg4 18. Bxg4 Ne5 19. Bh3 Nf3+ 20. Kh1 Nh5 21. Bg4 Bxe6
22. dxe6 Qh4 23. h3 Nf6 24. Bxf3 Qxh3+ 25. Kg1 exf3 26. Qxf3 Qxf3 27. exf7 Ng4
0-1

[Event "SR 3. liga A2 2009/2010"]
[Site "?"]
[Date "2009.12.20"]
[Round "8.1"]
[White "Pagac, Robert"]
[Black "Hrubsa, Vladimir"]
[Result "1/2-1/2"]
[WhiteElo "1830"]
[BlackElo "2091"]
[PlyCount "34"]
[EventDate "2009.??.??"]

1. e4 e5 2. Nf3 Nc6 3. Bc4 Nf6 4. d3 Be7 5. Be3 d6 6. h3 Na5 7. Bb3 Nxb3 8.
axb3 a6 9. O-O O-O 10. Nbd2 Ne8 11. Nc4 f5 12. exf5 Bxf5 13. Nh2 Rf6 14. Qh5
Be6 15. f4 exf4 16. Rxf4 Rxf4 17. Bxf4 Nf6 1/2-1/2

[Event "SR 3. liga A2 2009/2010"]
[Site "?"]
[Date "2009.12.20"]
[Round "8.2"]
[White "Vepy, Ivan"]
[Black "Brisudova, Veronika"]
[Result "0-1"]
[WhiteElo "1920"]
[BlackElo "1737"]
[PlyCount "118"]
[EventDate "2009.??.??"]

1. e4 c5 2. Nf3 d6 3. d4 cxd4 4. Nxd4 Nf6 5. Nc3 a6 6. Be2 e6 7. Bg5 Nbd7 8.
O-O Be7 9. Kh1 O-O 10. f4 Qc7 11. Qd2 b5 12. Bf3 Bb7 13. a3 Rac8 14. Rae1 Nb6
15. Qf2 Nc4 16. e5 dxe5 17. fxe5 Nxe5 18. Bxb7 Neg4 19. Qh4 Qxb7 20. Qg3 Rc4
21. Nf3 Qc7 22. Qxc7 Rxc7 23. h3 Nh6 24. g4 Bxa3 25. bxa3 Rxc3 26. Bd2 Rxc2 27.
Bb4 Rfc8 28. Ne5 Nd5 29. Ba5 Ra2 30. Rc1 Rcc2 31. Rxc2 Rxc2 32. Rf3 f6 33. Nd7
Nf7 34. Nb8 Ne5 35. Rb3 Nc4 36. Bd8 Ra2 37. Nxa6 Rxa3 38. Rxa3 Nxa3 39. Ba5 Nc4
40. Be1 Kf7 41. Kg2 h5 42. gxh5 Nf4+ 43. Kf3 Nxh5 44. Nc7 Na3 45. Ke4 g6 46. h4
Ng7 47. Kd3 Nf5 48. Bb4 Nc4 49. Nxb5 Ne5+ 50. Ke4 Nxh4 51. Nd6+ Kg8 52. Ne8 Nd7
53. Bc3 e5 54. Kd5 Kf8 55. Nc7 Kf7 56. Nb5 Nf5 57. Bb4 Nb6+ 58. Ke4 Ke6 59. Ba5
Nc4 0-1

[Event "SR 3. liga A2 2009/2010"]
[Site "?"]
[Date "2009.12.20"]
[Round "8.3"]
[White "Berger, Patrik"]
[Black "Hrubsa, Marian"]
[Result "1/2-1/2"]
[WhiteElo "1627"]
[BlackElo "1930"]
[PlyCount "113"]
[EventDate "2009.??.??"]

1. e4 e6 2. d4 d5 3. exd5 exd5 4. Nf3 Nf6 5. Bd3 Bd6 6. O-O O-O 7. Bg5 Bg4 8.
Nbd2 Nbd7 9. c3 c6 10. Qc2 Qc7 11. h3 Bh5 12. Rfe1 Rfe8 13. Bf5 Bg6 14. Nh4 Bf4
15. Bxf4 Qxf4 16. Ndf3 Bxf5 17. Qxf5 Qxf5 18. Nxf5 Ne4 19. Re3 g6 20. N5h4 f5
21. Rae1 Re7 22. Nd2 Rf7 23. Nhf3 Raf8 24. R3e2 h6 25. Nh2 g5 26. f3 Ng3 27.
Re7 f4 28. Ng4 Nf5 29. R7e6 Kg7 30. Kf2 h5 31. Ne5 Nxe5 32. R1xe5 Rf6 33. Rxf6
Kxf6 34. Nb3 b6 35. Nc1 Ne3 36. Nd3 Rg8 37. g3 Nc4 38. Re2 fxg3+ 39. Kxg3 Nd6
40. Nb4 Nf5+ 41. Kf2 Rc8 42. Re5 a5 43. Nd3 Rd8 44. b4 axb4 45. Nxb4 Ne7 46. h4
Rg8 47. Rxg5 Rxg5 48. hxg5+ Kxg5 49. Kg3 Nf5+ 50. Kf2 $11 Ne7 51. Kg3 Kf5 52.
Nd3 Ng6 53. Nb4 h4+ 54. Kh3 Kf4 55. Nd3+ Kf5 56. Nb4 Kf4 57. Nd3+ 1/2-1/2

[Event "SR 3. liga A2 2009/2010"]
[Site "?"]
[Date "2009.12.20"]
[Round "8.4"]
[White "Vach, Jozef"]
[Black "Leska, Marian"]
[Result "1-0"]
[WhiteElo "1907"]
[BlackElo "1668"]
[PlyCount "105"]
[EventDate "2009.??.??"]

1. e4 e6 2. d4 d5 3. Nd2 dxe4 4. Nxe4 Nd7 5. Be3 Ngf6 6. Nxf6+ Nxf6 7. Nf3 Be7
8. Bd3 O-O 9. O-O b6 10. c3 Bb7 11. Rc1 Rc8 12. Nd2 Qd5 13. Qf3 Qxf3 14. gxf3
Rfd8 15. Ne4 Nxe4 16. fxe4 c5 17. f4 f6 18. Bc4 Kf8 19. Bxe6 Rc7 20. d5 Bc8 21.
f5 Bd6 22. c4 Be5 23. b3 Ke7 24. Bf4 Kd6 25. Be3 Bb7 26. Rc2 Ba6 27. Rfc1 Bc8
28. Bxc8 Rdxc8 29. Kf2 h6 30. Kf3 a5 31. a3 Ke7 32. Rg2 Kf7 33. Rcg1 Kf8 34.
Bf4 Re8 35. Be3 Bd6 36. Re2 Rb7 37. Bd2 Rc7 38. Rge1 Kf7 39. h3 Kf8 40. Rb1 Rb8
41. Bf4 Rd8 42. Bxd6+ Rxd6 43. e5 fxe5 44. Rxe5 Rf7 45. Rbe1 Rd8 46. Ke4 Re8
47. Re6 Rb7 48. d6 Kf7 49. Kd5 Rbb8 50. Rxe8 Rxe8 51. Rxe8 Kxe8 52. Ke6 Kd8 53.
d7 1-0

[Event "SR 3. liga A2 2009/2010"]
[Site "?"]
[Date "2009.12.20"]
[Round "8.5"]
[White "Baumgartner, Milan"]
[Black "Vogl, Zdenek"]
[Result "1-0"]
[WhiteElo "1607"]
[BlackElo "1887"]
[PlyCount "104"]
[EventDate "2009.??.??"]

1. c4 e6 2. Nc3 Nf6 3. e4 Nc6 4. d4 Bb4 5. Bg5 h6 6. Bxf6 Qxf6 7. Nf3 O-O 8. e5
Qg6 9. Qd3 d6 10. exd6 cxd6 11. Qxg6 fxg6 12. Bd3 g5 13. O-O Bxc3 14. bxc3 Bd7
15. Rfe1 Ne7 16. Rab1 b6 17. c5 dxc5 18. dxc5 Nc6 19. cxb6 axb6 20. Bc4 g4 21.
Nd2 Ra3 22. Bb3 Na5 23. Bxe6+ Bxe6 24. Rxe6 Rxa2 25. Ne4 Nc4 26. Rd1 Nb2 27.
Rf1 Na4 28. f3 gxf3 29. gxf3 Rc2 30. Rf2 Rc1+ 31. Kg2 b5 32. Re5 Rb8 33. Rf1
Rxf1 34. Kxf1 b4 35. cxb4 Rxb4 36. Kg2 Nb2 37. Kg3 Nd3 38. Rd5 Rb3 39. h4 Ne1
40. Nd2 Re3 41. Kf2 Rd3 42. Rxd3 Nxd3+ 43. Ke3 Ne5 44. Kf4 Ng6+ 45. Kg4 Kf7 46.
h5 Ne5+ 47. Kf5 Nc6 48. Ne4 Nd4+ 49. Kg4 Ke6 50. Ng3 Nc6 51. f4 Ne7 52. f5+ Ke5
1-0

[Event "SR 3. liga A2 2009/2010"]
[Site "?"]
[Date "2009.12.20"]
[Round "8.6"]
[White "Planka, Peter"]
[Black "Drabek, Martin"]
[Result "1/2-1/2"]
[WhiteElo "1776"]
[BlackElo "1449"]
[PlyCount "81"]
[EventDate "2009.??.??"]

1. e4 e5 2. Nf3 Nc6 3. Bb5 d6 4. d4 Bd7 5. dxe5 Nxe5 6. Bxd7+ Qxd7 7. Nxe5 dxe5
8. O-O O-O-O 9. Qxd7+ Rxd7 10. Be3 Nf6 11. f3 Be7 12. a3 Rhd8 13. Nc3 a6 14.
Rfd1 h6 15. Rxd7 Rxd7 16. Rd1 Rxd1+ 17. Nxd1 Nd7 18. Kf1 Bc5 19. Ke2 Bxe3 20.
Nxe3 Nc5 21. Nc4 f6 22. Ne3 c6 23. Nf5 Ne6 24. Kd2 Kd7 25. Kc3 h5 26. b4 g6 27.
Ne3 b5 28. Kd2 Kd6 29. c3 Nf4 30. Kc2 Kd7 31. Kb3 Nd3 32. a4 Nc1+ 33. Kc2 Ne2
34. a5 Nf4 35. c4 bxc4 36. Kc3 Ne2+ 37. Kxc4 Kd6 38. Nc2 Nf4 39. Ne1 Ne6 40.
Nd3 g5 41. g3 1/2-1/2

[Event "SR 3. liga A2 2009/2010"]
[Site "?"]
[Date "2009.12.20"]
[Round "8.7"]
[White "Hornacek, Vendelin"]
[Black "Kubik, Peter"]
[Result "1-0"]
[WhiteElo "1622"]
[BlackElo "1583"]
[PlyCount "103"]
[EventDate "2009.??.??"]

1. e4 e5 2. Nf3 Nc6 3. Bc4 Nf6 4. Nc3 Be7 5. O-O d6 6. h3 O-O 7. d3 Na5 8. Bb3
c6 9. Ne2 b5 10. c3 Nxb3 11. Qxb3 Be6 12. Qc2 Nh5 13. d4 f5 14. dxe5 fxe4 15.
Qxe4 d5 16. Qe3 Qe8 17. Ned4 Bc5 18. Qd3 Nf4 19. Bxf4 Rxf4 20. Ng5 Bf5 21. Nxf5
Qxe5 22. Ne7+ Kf8 23. Nxc6 Qxg5 24. Qxh7 Rh4 25. Qd3 Kf7 26. Rae1 Kg8 27. Ne5
Rf8 28. Qxd5+ Kh7 29. Qxc5 Rf6 30. Qe3 Rhf4 31. Qd3+ R4f5 32. Ng4 Rg6 33. Qe3
Qd8 34. Qxa7 Qd2 35. Qe7 Rfg5 36. Qe2 Qd5 37. Rd1 Qxa2 38. Rd8 Re6 39. Qd3+
Reg6 40. Qd7 Qe6 41. Qxe6 Rxe6 42. Rfd1 Re2 43. R8d2 Re4 44. Rd7 Re2 45. R1d2
Re1+ 46. Kh2 Rf5 47. R7d5 Rf4 48. Kg3 Rf8 49. Rxb5 Rc1 50. Rd7 Kh8 51. Rbb7 Rg8
52. Nh6 1-0

[Event "SR 3. liga A2 2009/2010"]
[Site "?"]
[Date "2009.12.20"]
[Round "8.8"]
[White "Danihel, Jozef"]
[Black "Davidik, Miroslav"]
[Result "1-0"]
[WhiteElo "1546"]
[BlackElo "1515"]
[PlyCount "50"]
[EventDate "2009.??.??"]

1. e4 c5 2. Nf3 e6 3. d4 cxd4 4. Nxd4 Nc6 5. Nc3 Bb4 6. Be3 a6 7. Qd2 Qa5 8.
Nb3 Bxc3 9. bxc3 Qc7 10. Be2 Nge7 11. f4 O-O 12. O-O d6 13. Rad1 Rd8 14. Bd3 b5
15. Qf2 Qb8 16. f5 f6 17. fxe6 Bxe6 18. Qh4 Ng6 19. Qg3 Bf7 20. h4 d5 21. Bf4
Nxf4 22. Rxf4 Qe5 23. Re1 Qxc3 24. exd5 Rxd5 25. Bxh7+ Kxh7 1-0

[Event "SR 3. liga A2 2009/2010"]
[Site "?"]
[Date "2010.02.14"]
[Round "8.1"]
[White "Petran, Peter"]
[Black "Kovacocy, Pavel"]
[Result "1/2-1/2"]
[WhiteElo "2361"]
[BlackElo "2241"]
[PlyCount "56"]
[EventDate "2009.??.??"]

1. g3 f5 2. Bg2 Nf6 3. Nf3 g6 4. c4 Bg7 5. Nc3 O-O 6. d4 d6 7. O-O Qe8 8. d5
Na6 9. Nd4 Bd7 10. Rb1 c5 11. dxc6 bxc6 12. b3 Rd8 13. Bb2 Nc7 14. Qd2 Rf7 15.
e4 c5 16. Nde2 fxe4 17. Nxe4 Nxe4 18. Bxe4 Bc6 19. Qd3 Bxe4 20. Qxe4 Bxb2 21.
Rxb2 e5 22. Re1 Qf8 23. f4 Re8 24. Qb1 Ne6 25. fxe5 Ng5 26. Rf1 Rxe5 27. Nf4
Ref5 28. Rd1 Nf3+ 1/2-1/2

[Event "SR 3. liga A2 2009/2010"]
[Site "?"]
[Date "2010.02.14"]
[Round "8.2"]
[White "Cechovic, Stefan"]
[Black "Kosar, Mikulas"]
[Result "1-0"]
[WhiteElo "2181"]
[BlackElo "1876"]
[PlyCount "97"]
[EventDate "2009.??.??"]

1. Nf3 d5 2. d4 Nc6 3. g3 Nf6 4. Bg2 g6 5. O-O Bg7 6. Ne5 O-O 7. Nxc6 bxc6 8.
c3 a5 9. Nd2 Re8 10. Nf3 Nd7 11. Re1 Nb6 12. Ne5 Bxe5 13. dxe5 e6 14. h4 f5 15.
exf6 Qxf6 16. e4 Rf8 17. Qc2 Ba6 18. Be3 Nc4 19. Bd4 Qf7 20. b3 Na3 21. Qd2 Nb5
22. Be5 Rfe8 23. Rad1 Nd6 24. Qg5 Nxe4 25. Rxe4 dxe4 26. Bxe4 Be2 27. Re1 Bf3
28. Bd4 e5 29. Bxf3 exd4 30. Rxe8+ Qxe8 31. cxd4 Qe1+ 32. Kg2 Rf8 33. h5 Qe8
34. Qxa5 Qf7 35. Qc3 g5 36. Qxc6 Qf6 37. Qxf6 Rxf6 38. Bd5+ Kf8 39. Bc4 h6 40.
a4 Ke7 41. a5 c6 $11 42. a6 Rd6 43. d5 Rd8 44. dxc6 Kd6 45. f4 gxf4 46. gxf4
Kxc6 47. Kf3 Kb6 48. f5 Kc5 49. f6 1-0

[Event "SR 3. liga A2 2009/2010"]
[Site "?"]
[Date "2010.02.14"]
[Round "8.3"]
[White "Szekely, Stefan"]
[Black "Liptak, Tomas"]
[Result "0-1"]
[WhiteElo "1984"]
[BlackElo "2036"]
[PlyCount "64"]
[EventDate "2009.??.??"]

1. c4 e5 2. Nc3 Nf6 3. d3 Be7 4. g3 O-O 5. Nf3 d6 6. Bg2 c6 7. O-O Na6 8. Rb1
Nd7 9. e4 g6 10. d4 f5 11. dxe5 dxe5 12. exf5 gxf5 13. Re1 e4 14. Nd4 Ndc5 15.
Bf1 Nb4 16. Be3 Ncd3 17. a3 Nxe1 18. Qxe1 Nd3 19. Bxd3 exd3 20. Nf3 Bd6 21. Bg5
Qc7 22. Qd2 f4 23. c5 Bxc5 24. Qxd3 fxg3 25. Qc4+ Qf7 26. Qxc5 Qxf3 27. Be3
gxh2+ 28. Kxh2 Qh3+ 29. Kg1 Rf6 30. Ne2 Rg6+ 31. Ng3 Be6 32. Qe5 Bd5 0-1

[Event "SR 3. liga A2 2009/2010"]
[Site "?"]
[Date "2010.02.14"]
[Round "8.4"]
[White "Sarmir, Milos"]
[Black "Kalman, Miklos"]
[Result "1-0"]
[WhiteElo "2090"]
[BlackElo "1839"]
[PlyCount "57"]
[EventDate "2009.??.??"]

1. e4 e5 2. Nf3 Nc6 3. Bb5 d6 4. d4 exd4 5. Nxd4 Bd7 6. Nxc6 Bxc6 7. Bxc6+ bxc6
8. O-O Be7 9. Qf3 Rb8 10. Nc3 Qd7 11. Rb1 h5 12. Rd1 Qg4 13. Qd3 Bf6 14. Be3
Ne7 15. Bxa7 Ra8 16. Bd4 Ng6 17. h3 Qg5 18. Be3 Nf4 19. Bxf4 Qxf4 20. Qc4 O-O
21. Ne2 Qh4 22. a4 g5 23. Qxc6 Be5 24. Rd3 Rab8 25. b4 g4 26. Qd7 Rbe8 27. Qf5
Re6 28. Nf4 g3 29. Rxg3+ 1-0

[Event "SR 3. liga A2 2009/2010"]
[Site "?"]
[Date "2010.02.14"]
[Round "8.5"]
[White "Both, Lajos"]
[Black "Liptak, Dusan"]
[Result "0-1"]
[WhiteElo "1904"]
[BlackElo "1916"]
[PlyCount "78"]
[EventDate "2009.??.??"]

1. e4 c5 2. Nf3 d6 3. d4 cxd4 4. Nxd4 Nf6 5. Nc3 a6 6. Be2 g6 7. Be3 Bg7 8. Qd2
O-O 9. Bh6 Bxh6 10. Qxh6 Nc6 11. Nxc6 bxc6 12. Qe3 Rb8 13. b3 Qa5 14. O-O Bb7
15. f4 Nd7 16. Na4 Qc7 17. c4 Rbe8 18. g4 f6 19. h4 h6 20. Nc3 d5 21. b4 e5 22.
cxd5 cxd5 23. Nxd5 Bxd5 24. exd5 exf4 25. Qd2 Re3 26. Rf2 Rfe8 27. d6 Qb6 28.
Bc4+ Kh8 29. Kh2 Ne5 30. d7 Nxg4+ 31. Kg1 Rg3+ 32. Kh1 Nxf2+ 33. Qxf2 Qc6+ 34.
Kh2 Qxd7 35. Bf1 Qg4 36. Kh1 Re2 37. Bxe2 Rh3+ 38. Qh2 Rxh2+ 39. Kxh2 Qxe2+ 0-1

[Event "SR 3. liga A2 2009/2010"]
[Site "?"]
[Date "2010.02.14"]
[Round "8.6"]
[White "Vlkovic, Pavol"]
[Black "Arpa, Zoltan"]
[Result "0-1"]
[WhiteElo "1930"]
[BlackElo "1847"]
[PlyCount "68"]
[EventDate "2009.??.??"]

1. e4 e6 2. d4 d5 3. e5 c5 4. c3 Nc6 5. Nf3 Qb6 6. Be2 Nge7 7. dxc5 Qxc5 8. Be3
Qa5 9. b4 Qc7 10. Bb5 Bd7 11. Qa4 Ng6 12. Bxc6 Bxc6 13. b5 Bd7 14. Bd4 Bc5 15.
Qb3 Bxd4 16. cxd4 Qc1+ 17. Qd1 Qxd1+ 18. Kxd1 Bxb5 19. Nc3 Bc6 20. Kd2 Rc8 21.
h4 Ne7 22. g4 O-O 23. Ng5 h6 24. Nh3 Bd7 25. f4 Rc4 26. Ne2 Rfc8 27. Rac1 Rxc1
28. Rxc1 Rxc1 29. Kxc1 Bb5 30. Nc3 Bc4 31. Kd2 Nc6 32. Ke3 Nb4 33. a4 Nc2+ 34.
Kf2 Nxd4 0-1

[Event "SR 3. liga A2 2009/2010"]
[Site "?"]
[Date "2010.02.14"]
[Round "8.7"]
[White "Kalmar, Tamas"]
[Black "Markuliak, Mario"]
[Result "1-0"]
[WhiteElo "1714"]
[BlackElo "1909"]
[PlyCount "103"]
[EventDate "2009.??.??"]

1. d4 Nf6 2. Nf3 g6 3. g3 Bg7 4. Bg2 O-O 5. O-O d5 6. c4 dxc4 7. Qc2 Nbd7 8.
Qxc4 Nb6 9. Qb3 Be6 10. Qd1 c6 11. Nc3 Nbd5 12. Ng5 Qd7 13. Nxe6 Qxe6 14. Qd3
Nb4 15. Qd1 Nfd5 16. Nxd5 Nxd5 17. e4 Nb6 18. Be3 Nc4 19. Qb3 Nxe3 20. Qxe6
fxe6 21. fxe3 Bh6 22. Rae1 Rxf1+ 23. Kxf1 Kf7 24. e5 Ke8 25. Ke2 Kd7 26. Rf1
Rf8 27. Rxf8 Bxf8 28. Bh3 Bg7 29. Kd3 b6 30. Kc4 Bh6 31. e4 Be3 32. d5 b5+ 33.
Kd3 Bg1 34. Bxe6+ Kc7 35. h3 Bh2 36. g4 Bxe5 37. b3 cxd5 38. exd5 Kd6 39. Ke4
a5 40. Bg8 h6 41. Bf7 g5 42. a4 bxa4 43. bxa4 Bf4 44. h4 Bd2 45. h5 Bc1 46. Kf5
Bd2 47. Kg6 Ke5 48. Kxh6 Kf6 49. Be6 Be3 50. Kh7 Bd4 51. Kg8 Bc3 52. h6 1-0

[Event "SR 3. liga A2 2009/2010"]
[Site "?"]
[Date "2010.02.14"]
[Round "8.8"]
[White "Hornak, Pavol"]
[Black "Lelkes, Bela"]
[Result "0-1"]
[WhiteElo "1787"]
[BlackElo "1833"]
[PlyCount "122"]
[EventDate "2009.??.??"]

1. d4 e6 2. c4 Nf6 3. Nc3 c6 4. Bd2 d5 5. e3 Bd6 6. Qc2 Bd7 7. Nf3 Qc7 8. c5
Be7 9. Bd3 b5 10. b4 a5 11. bxa5 Na6 12. Qb1 Bd8 13. a4 b4 14. Na2 Qxa5 15. O-O
Rb8 16. Bxa6 Qxa6 17. Nxb4 Qa7 18. Qc2 Ne4 19. Nd3 Bc7 20. Nde5 f6 21. Nxd7
Kxd7 22. Rfb1 f5 23. Be1 Rhc8 24. Nd2 Nf6 25. f4 h6 26. h3 g5 27. fxg5 hxg5 28.
Rxb8 Bxb8 29. Rb1 Qc7 30. Nf3 g4 31. Ne5+ Ke7 32. Bg3 Ke8 33. Qb3 Ne4 34. Be1
gxh3 35. Qb7 hxg2 36. Qxc7 Bxc7 37. Bh4 Nc3 38. Ra1 Bd8 39. Bxd8 Kxd8 40. Kxg2
Kc7 41. a5 Kb7 42. Nf7 Ka6 43. Kf3 Rg8 44. Kf4 Rg4+ 45. Ke5 Re4+ 46. Kd6 Rxe3
47. Kxc6 Nb5 48. Ra4 f4 49. Ne5 f3 50. Nxf3 Rxf3 51. Rb4 Na7+ 52. Kd6 Rf6 53.
Ke7 Rh6 54. Rb6+ Kxa5 55. Rxe6 Rh4 56. Rd6 Nc8+ 57. Kd7 Nxd6 58. Kxd6 Kb5 59.
Kxd5 Rh6 60. Ke5 Kc6 61. d5+ Kd7 0-1